000 00782nam a22002417a 4500
005 20170124105920.0
010 _aA-705464
020 _c00.00
_a8121003199
035 _aA-705464
037 _bCen Lib/Ret
040 _aDPL
_bEN
082 _a307.772
_bMIS
100 _aMishra, K.K.
_93979
245 _aTribal elites and social transformation /
_cby K.K.Mishra
260 _aNew Delhi
_bInter -India publications
_c1994
270 _aD-17,Raja garden
_bNew Delhi
_e110015
300 _a183p.
_c20cm (Hb)
490 _aTribal studies of India series T
_v164
500 _aIncludes bibliography reference glossary and index
650 _aKhamtis
_93980
650 _aElite (social scienc) India-Arunachal Pradesh
_93981
942 _2ddc
_cEN
_h307.772
_mMIS
999 _c123070
_d123070